000
00338nam a2200133Ia 4500
008
240624s9999 xx 000 0 und d
041
_a
eng
082
_a
828 TOI
100
_a
THE TIMES OF INDIA
245
_a
BEST OF SPEAKING TREE VOLUME 2
260
_c
2007
_a
New Delhi
_b
Times Books
300
_a
158 : p. : cm. ; 27
365
_c
RS
_b
25
999
_c
23649
_d
23649